Antología consultada de la joven poesía española / (Record no. 24369)

MARC details
000 -LEADER
campo de control de longitud fija 00974nam a2200301 i 4500
001 - NÚMERO DE CONTROL
campo de control 24369
003 - IDENTIFICADOR DE NÚMERO DE CONTROL
campo de control ES-MaACL
005 - FECHA Y HORA DE LA ÚLTIMA TRANSACCIÓN
campo de control 20230906153034.0
007 - CAMPO FIJO DE DESCRIPCIÓN FÍSICA--INFORMACIÓN GENERAL
campo de control de longitud fija t|
008 - DATOS DE LONGITUD FIJA--INFORMACIÓN GENERAL
campo de control de longitud fija 021217s1983 sp h ||||1| spa d
020 ## - NÚMERO INTERNACIONAL ESTÁNDAR DEL LIBRO
Número Internacional Estándar del Libro 84-7199-242-6
245 00 - MENCIÓN DEL TÍTULO
Título Antología consultada de la joven poesía española /
Mención de responsabilidad, etc. [selección de Francisco Ribes ; preliminar de Josefina Escolano].
250 ## - MENCION DE EDICION
Mención de edición Ed. facs.
260 ## - PUBLICACIÓN, DISTRIBUCIÓN, ETC.
Lugar de publicación, distribución, etc. Valencia :
Nombre del editor, distribuidor, etc. Prometeo,
Fecha de publicación, distribución, etc. [1983]
300 ## - DESCRIPCIÓN FÍSICA
Extensión XXIV, 211 p. ;
Dimensiones 19 cm.
490 1# - MENCIÓN DE SERIE
Mención de serie Gules ;
Designación de volumen o secuencia 13
500 ## - NOTA GENERAL
Nota general Índice.
504 ## - NOTA DE BIBLIOGRAFÍA, ETC.
Nota de bibliografía, etc. Bibliografía: p. XVIII-XXIV.
534 ## - NOTA SOBRE LA VERSIÓN ORIGINAL
Frase introductoria Reprod. facs. de la 1ª ed.:
Publicación, distribución, etc. del original Santander : Artes Gráf. Hnos. Bedía, 1952.
650 #4 - PUNTO DE ACCESO ADICIONAL DE MATERIA--TÉRMINO DE MATERIA
Término de materia o nombre geográfico como elemento de entrada Poesías españolas-
Subdivisión cronológica S.XX.
9 (RLIN) 16221
655 #7 - TERMINO DE INDIZACIÓN--GENERO/FORMA
Fuente del término tgfbne
9 (RLIN) 226495
Datos o término principal de género/forma Facsímiles
700 1# - ENTRADA AGREGADA--NOMBRE PERSONAL
Nombre de persona Ribes, Francisco.
9 (RLIN) 96805
700 1# - ENTRADA AGREGADA--NOMBRE PERSONAL
Nombre de persona Escolano, Josefina.
9 (RLIN) 47596
830 0# - PUNTO DE ACCESO ADICIONAL DE SERIE-TÍTULO UNIFORME
Título uniforme Gules ;
Designación de volumen o secuencia 13
9 (RLIN) 226658
852 ## - LOCALIZACIÓN
Ubicación ES-MaACL
Número de control de estantería L-12674
942 ## - ELEMENTOS DE ENTRADA SECUNDARIOS (KOHA)
Fuente del sistema de clasificación o colocación Clasificación decimal universal
Holdings
Estatus retirado Estado de pérdida Estado de daño No para préstamo Biblioteca de origen Biblioteca actual Ubicación en estantería Fecha de adquisición Fuente de adquisición Total de préstamos Signatura topográfica completa Código de barras Visto por última vez Precio de reemplazo Tipo de ítem Koha
        Biblioteca del Ateneo de Madrid Biblioteca del Ateneo de Madrid Depósito 2 17/01/2008     L-12674 1025127 23/02/2023 23/02/2023 Libro impreso